[Event "Gijon rapid op 18th"]
[Site "Gijon"]
[Date "2018.07.22"]
[Round "3"]
[White "Garcia Ortega, Jesus Angel"]
[Black "Aguera Naredo, Javier"]
[Result "0-1"]
[WhiteElo "2108"]
[BlackElo "2369"]
[PlyCount "120"]
[EventDate "2018.07.22"]
[EventType "swiss (rapid)"]
[EventRounds "9"]
[EventCountry "ESP"]
[SourceTitle "CBM 185 Extra"]
[Source "ChessBase"]
[SourceDate "2018.07.29"]
[SourceVersion "1"]
[SourceVersionDate "2018.07.29"]
[SourceQuality "1"]

1. e4 e5 2. Nf3 Nc6 3. d4 exd4 4. Nxd4 Bc5 5. Be3 Qf6 6. Nb5 Bxe3 7. fxe3 Qh4+ 8. g3 Qxe4 9. Nxc7+ Kd8 10. Nxa8 Nf6 11. Nc3 Qxh1 12. Qd6 Ne8 13. Qf4 Qxh2 14. 0-0-0 Qh6 15. Qf3 Nf6 16. Nb5 Re8 17. Re1 Qh5 18. Qg2 Qc5 19. e4 a6 20. Nbc7 Re5 21. Bd3 b5 22. g4 Bb7 23. Qg3 Bxa8 24. Nxa8 h6 25. g5 hxg5 26. Qh3 Qa7 27. Rf1 Re8 28. Qf5 Qe3+ 29. Kb1 Re5 30. Qf2 Qxf2 31. Rxf2 g4 32. Kc1 g3 33. Rg2 Rg5 34. Kd2 Ne5 35. Ke3 Nh5 36. Nb6 g6 37. Nd5 f5 38. exf5 gxf5 39. Nf4 Nf6 40. Nh3 Nd5+ 41. Ke2 Rh5 42. Rxg3 Rxh3 43. Rxh3 Nf4+ 44. Kd2 Nxh3 45. Bxf5 Nf4 46. c3 Ke7 47. b3 d5 48. Bc8 a5 49. Ba6 b4 50. cxb4 axb4 51. Ke3 Ne6 52. Kd2 Kd6 53. Kc2 Nc5 54. Bf1 d4 55. Kb2 Ncd3+ 56. Kc2 Nf4 57. Kb2 d3 58. Kc1 Kc5 59. Kb2 Kd4 60. Kc1 Kc3 0-1

[Event "ESP-chT CECLUB Div2"]
[Site "Linares"]
[Date "2017.08.12"]
[Round "7.6"]
[White "Silva Rodriguez, Fernando"]
[Black "Garcia Ortega, Jesus Angel"]
[Result "0-1"]
[WhiteElo "2235"]
[BlackElo "2107"]
[PlyCount "96"]
[EventDate "2017.08.08"]
[EventType "team"]
[EventRounds "7"]
[EventCountry "ESP"]
[SourceTitle "CBM 179 Extra"]
[Source "ChessBase"]
[SourceDate "2017.08.23"]
[SourceVersion "1"]
[SourceVersionDate "2017.08.23"]
[SourceQuality "1"]
[WhiteTeam "Manises Eva"]
[BlackTeam "Ajedrez Gambito"]
[WhiteTeamCountry "ESP"]
[BlackTeamCountry "ESP"]

1. d4 d5 2. c4 e6 3. Nc3 c5 4. cxd5 cxd4 5. Qa4+ Bd7 6. Qxd4 exd5 7. Qxd5 Nc6 8. Nf3 Nf6 9. Qd1 Bc5 10. a3 Qe7 11. Bg5 Ne4 12. Nxe4 Qxe4 13. e3 f6 14. Bd3 Qe7 15. Bf4 g5 16. Bg3 a5 17. h3 h5 18. Rc1 0-0-0 19. Qc2 Bb6 20. Bf5 h4 21. Bh2 g4 22. hxg4 h3 23. Kf1 Rdg8 24. Qd3 Bxf5 25. Qxf5+ Qd7 26. Bg3 Qxf5 27. gxf5 Bxe3 28. Rc3 hxg2+ 29. Kxg2 Rxh1 30. Kxh1 Bb6 31. Kg2 Rd8 32. Nh4 Rd2 33. b3 Kd7 34. Kf3 Bd4 35. Rc4 b5 36. Rc1 Bb2 37. Rc5 Rd3+ 38. Ke4 Rxb3 39. Rd5+ Kc8 40. Rc5 Kb7 41. Kd5 Rd3+ 42. Ke6 Kb6 43. Bd6 Rxd6+ 44. Kxd6 Bxa3 45. Ke6 Bxc5 46. Kxf6 Bxf2 47. Nf3 Bc5 48. Ke6 Nd4+ 0-1

[Event "ESP-chT CECLUB Div2 Gp1"]
[Site "Padron"]
[Date "2011.08.13"]
[Round "5"]
[White "Perez Mauricio, Xoel"]
[Black "Garcia Ortega, Jesus Angel"]
[Result "0-1"]
[WhiteElo "2285"]
[BlackElo "2128"]
[PlyCount "99"]
[EventDate "2011.08.10"]
[EventType "team-swiss"]
[EventRounds "6"]
[EventCountry "ESP"]
[SourceTitle "CBM 143 Extra"]
[Source "ChessBase"]
[SourceDate "2011.08.29"]
[SourceVersion "1"]
[SourceVersionDate "2011.08.29"]
[SourceQuality "1"]
[WhiteTeam "Ferrolano de Ajedrez"]
[BlackTeam "Gambito"]
[WhiteTeamCountry "ESP"]
[BlackTeamCountry "ESP"]

1. Nf3 Nf6 2. c4 g6 3. Nc3 c5 4. d4 cxd4 5. Nxd4 Nc6 6. e4 d6 7. Be2 Bg7 8. Be3 a6 9. 0-0 0-0 10. Qd2 Qa5 11. Nb3 Qd8 12. f3 Be6 13. Nd5 Rc8 14. Rac1 Nd7 15. Rfd1 f5 16. Nf4 Bf7 17. exf5 gxf5 18. Kh1 Nce5 19. Nd4 Qe8 20. Nde6 Bxe6 21. Nxe6 Rf6 22. Nxg7 Kxg7 23. f4 Ng6 24. Bf3 Rc7 25. g3 Qc8 26. b3 Nc5 27. Bd4 e5 28. Bb2 Re7 29. b4 Ne4 30. Bxe4 fxe4 31. Qd5 Kf8 32. c5 Qg4 33. Qxe4 exf4 34. Qd4 Ne5 35. cxd6 Rxd6 36. Qxf4+ Qxf4 37. gxf4 Nd3 38. Kg1 Rg6+ 39. Kf1 Nxb2 40. Rd2 Na4 41. Rc8+ Kg7 42. Kf2 Nb6 43. Rc5 Rf7 44. Kf3 Nd7 45. Rcd5 Nf8 46. h4 Rg1 47. f5 Ng6 48. h5 Nh4+ 49. Kf4 Nxf5 50. Rd1 0-1

[Event "Cantabria-ch Cup"]
[Site "Cantabria"]
[Date "2008.03.09"]
[Round "?"]
[White "Mate Adan, Carlos"]
[Black "Garcia Ortega, Jesus Angel"]
[Result "1-0"]
[WhiteElo "2245"]
[BlackElo "2079"]
[PlyCount "57"]
[EventDate "2008.03.02"]
[EventType "swiss"]
[EventCountry "ESP"]
[SourceTitle "EXT 2024"]
[Source "ChessBase"]
[SourceDate "2023.10.10"]
[SourceVersion "1"]
[SourceVersionDate "2023.10.10"]
[SourceQuality "1"]

1. d4 Nf6 2. Bg5 e6 3. e4 Be7 4. Nc3 d5 5. e5 Nfd7 6. Bxe7 Qxe7 7. Nb5 Na6 8. c3 0-0 9. Bd3 f6 10. f4 fxe5 11. fxe5 Qh4+ 12. g3 Qh6 13. Qd2 Qxd2+ 14. Kxd2 c5 15. Ne2 c4 16. Bc2 b6 17. Nf4 Ndb8 18. Rhf1 Bd7 19. Nd6 Nc7 20. Rf2 Nc6 21. Raf1 g6 22. h4 Kg7 23. Nh5+ gxh5 24. Rf7+ Rxf7 25. Rxf7+ Kg8 26. Rxd7 Na6 27. Bxh7+ Kh8 28. Bg6 Rf8 29. Ne8 1-0